| 000 | 00526nam a2200181Ia 4500 | ||
|---|---|---|---|
| 001 | 20054 | ||
| 005 | 20260306172738.0 | ||
| 008 | 260306t2008||||xx |||||||||||||| ||spa|| | ||
| 041 | _aESP | ||
| 082 |
_a342.211 _bF42 |
||
| 100 |
_aFernández Segado, Francisco [coord.] _eAUT |
||
| 245 | 0 | _aDignidad de la persona, derechos fundamentales, justicia constitucional y otros estudios de derecho público | |
| 260 | _c2008 | ||
| 300 |
_a1209 páginas : _c24 cm. |
||
| 650 | _aGEN | ||
| 654 | _aCDE | ||
| 942 |
_cLIB _dJUS _fJUS _2ddc _n |
||
| 999 |
_c20054 _d20054 |
||